Technician mathematics (Record no. 156802)

MARC details
000 -LEADER
fixed length control field 00679nam a2200265 i 4500
001 - CONTROL NUMBER
control field C2-0200090
003 - CONTROL NUMBER IDENTIFIER
control field PPAK
005 - DATE AND TIME OF LATEST TRANSACTION
control field 20180728100420.0
008 - FIXED-LENGTH DATA ELEMENTS--GENERAL INFORMATION
fixed length control field 990131s1994 enka|||| ||||| | eng d
020 ## - INTERNATIONAL STANDARD BOOK NUMBER
International Standard Book Number 0582234271
040 ## - CATALOGING SOURCE
Original cataloging agency PPAK
Language of cataloging eng
Transcribing agency PPAK
Description conventions rda
082 04 - DEWEY DECIMAL CLASSIFICATION NUMBER
Classification number 510
Edition number 23
090 00 - LOCALLY ASSIGNED LC-TYPE CALL NUMBER (OCLC); LOCAL CALL NUMBER (RLIN)
Classification number (OCLC) (R) ; Classification number, CALL (RLIN) (NR) 510
Feature heading BIR
Feature heading G
100 1# - MAIN ENTRY--PERSONAL NAME
Personal name Bird, J. O.,
Relator term author
245 10 - TITLE STATEMENT
Title Technician mathematics
250 ## - EDITION STATEMENT
Edition statement 3rd. ed.
264 #1 - PRODUCTION, PUBLICATION, DISTRIBUTION, MANUFACTURE, AND COPYRIGHT NOTICE
Place of production, publication, distribution, manufacture England :
Name of producer, publisher, distributor, manufacturer Longman ,
Date of production, publication, distribution, manufacture, or copyright notice 1994
300 ## - PHYSICAL DESCRIPTION
Extent ix, 449 pages :
Other physical details illustrations ;
Dimensions 23 cm
336 ## - CONTENT TYPE
Source rdacontent
Content type term text
337 ## - MEDIA TYPE
Source rdamedia
Media type term unmediated
338 ## - CARRIER TYPE
Source rdacarrier
Carrier type term volume
650 10 - SUBJECT ADDED ENTRY--TOPICAL TERM
Topical term or geographic name entry element Mathematics
700 ## - ADDED ENTRY--PERSONAL NAME
Relator term author
942 ## - ADDED ENTRY ELEMENTS (KOHA)
-- dc
Koha item type Book
Holdings
Withdrawn Not for loan Current library Shelving location Date acquired Full call number Barcode Date last seen Koha item type Total Checkouts Date last checked out
    Perpustakaan Alor Setar Pinjaman Dewasa 31/01/1999 510 BIR A00243705 01/06/2018 Book    
    Perpustakaan Awam Sungai Petani Pinjaman Dewasa 03/02/1999 510 BIR A00243699 25/01/2026 Book 2 18/01/2026
    Perpustakaan Jitra Pinjaman Dewasa 03/02/1999 510 BIR A00243700 01/06/2018 Book    
    Perpustakaan Kulim Pinjaman Dewasa 03/02/1999 510 BIR A00243702 28/10/2023 Book 2 07/10/2023
    Perpustakaan Yan Pinjaman Dewasa 03/02/1999 510 BIR A00243703 01/06/2018 Book